00000000nam##2200000za#4500
0019.683386
003CaOODSP
00520210615133527
007ta
008150407|2006||||xxc|||||     f|0| 0 fre|d
020 |a1-55392-828-8
040 |aCaOODSP|bfre
043 |an-cn---
0861 |aH118-39/1-2006F
1101 |aCanada. |bInstitut canadien d'information sur la santé.
24510|aIndicateurs pancanadiens de soins de santé primaires, rapport 1, volume 1
2463 |aProjet d'élaboration d'indicateurs pancanadiens de soins de santé primaires, rapport 1, volume 1
260 |aOttawa - Ontario : |bInstitut canadien d'information sur la santé |c2006.
300 |ax, 118p. : |bréférences, tableaux ; |c28 cm.
500 |aL'édition imprimée de cette publication N'est PAS disponible aux bibliothèques de dépôt sélectif ou au grand publique. L'ICIS a imprimé suffisament de copies pour les bibliothèques de dépôt universel seulement.
5203 |aCette série de rapports rend compte des résultats obtenus à la suite d'une initiative conjointe visant à élaborer une liste d'indicateurs de soins de santé primaires convenus partout au Canada. Le volume 1 du rapport 1 fournit le contexte des 105 indicateurs convenus. Le volume 2 du rapport 1 présente les spécifications techniques détaillées se rapportant à chacun de ces 105 indicateurs. Veuillez noter que des spécialistes ont évalué la validité apparente et l'importance des indicateurs mais ces derniers n'ont pas encore été vérifiés dans la pratique. Un rapport complémentaire présente des façons d'améliorer l'infrastructure de collecte de données pancanadiennes.
563 |aReliure à spirale
590 |a06-33|b2006-08-18
69107|aIndicateur|2gcpds
69107|aSoins de santé|2gcpds
77508|tPan-Canadian primary health care indicators, report 1, volume 1 |w(CaOODSP)9.650266
7760#|tIndicateurs pancanadiens de soins de santé primaires, rapport 1, volume 1 |w(CaOODSP)9.633138